000
00220nam a2200097Ia 4500
008
190216s9999||||xx |||||||||||||| ||und||
100
_a
Null
245
0
_a
Indiayile Khanijangal
260
_b
Kerala Basha Inst
942
_c
BK
999
_c
38855
_d
38855